000 00651nam a2200169 i 4500
001 187962
003 ES-MaACL
005 20230906223053.0
008 180402s1934 sp |||| | cat d
245 0 0 _aConferències sobre varietats comarcals del dret civil català /
_cper Oriol Anguera de Sojo i Dodero ... [et al.].
260 _aBarcelona :
_bAcadèmia de Jurisprudència i Legislació de Catalunya,
_c1934.
300 _a349 p. ;
_c26 cm.
650 4 _aDerecho civil-
_zCataluña.
_9140364
700 1 _aAnguera de Sojo, Oriol.
_921764
710 2 _aAcadèmia de Jurisprudència i Legislació de Catalunya.
_9163698
852 _aES-MaACL
_jA-2930
999 _c187962
_d187962